| 000 | 01710cam a22002174a 4500 | ||
|---|---|---|---|
| 005 | 20250605163944.0 | ||
| 008 | 250528s ||||||||||||||||||||||||d | ||
| 035 | _a15142 | ||
| 040 |
_aGR-AtMCL _bgre _dGR-AtMCL _eAACR2 |
||
| 245 | 1 | _aInternational Business / Third Edition | |
| 250 | _a3rd | ||
| 260 |
_bCedarwood Press, _c1971 |
||
| 300 | _a438 | ||
| 505 | 0 | _aThe Field of International Business, Introduction, The Field of International Business, Methodology, The International Environment, The International Monetaty System, Behavioral Problems in International Business, Legal and Political Constraints, Challenge and Responce, Governments and the MNFs, Development of the International Order, Multinational Corporations, Multinational Firm Strategies: Management, MNF Strategies: Management, MNF Strategies: Finance and Accounting, MNF Strategies: Marketing, MNF Strategies: Production, MNF Strategies: Personnel, A Look at the Future, Conclusion, Index. | |
| 520 | _aThe Field of International Business, Introduction, The Field of International Business, Methodology, The International Environment, The International Monetaty System, Behavioral Problems in International Business, Legal and Political Constraints, Challenge and Responce, Governments and the MNFs, Development of the International Order, Multinational Corporations, Multinational Firm Strategies: Management, MNF Strategies: Management, MNF Strategies: Finance and Accounting, MNF Strategies: Marketing, MNF Strategies: Production, MNF Strategies: Personnel, A Look at the Future, Conclusion, Index. | ||
| 700 | 1 |
_aFarmer N. Richard _9995 |
|
| 700 | 1 |
_aRichman M. Barry _9997 |
|
| 942 | _cBK | ||
| 999 |
_c736 _d736 |
||